Guess the 1970s song lyrics #311 - Statistics

General Stats
  • This quiz has been taken 14 times
  • The average score is 144 of 195
Answer Stats
Answer % Correct
my
100%
the
100%
The
100%
you
100%
a
92%
and
92%
be
92%
I
92%
love
92%
me
92%
of
92%
on
92%
to
92%
We
92%
when
92%
are
83%
do
83%
For
83%
it
83%
It's
83%
making
83%
night
83%
Night
83%
stars
83%
all
75%
No
75%
right
75%
time
75%
don't
67%
goes
67%
he
67%
if
67%
Oh
67%
Way
67%
way
67%
above
58%
always
58%
could
58%
down
58%
got
58%
I'll
58%
should
58%
Sun
58%
you'll
58%
day
50%
We'll
50%
moon
42%
said
42%
think
42%
baby
33%
mama
33%
mind
33%
Tell
33%
that's
33%
says
25%
something
25%
kind
17%
Milky
17%
winking
17%
bad
8%
bird's
8%
calling
8%
cruel
8%
fall
8%
Quarter
8%
shadows
8%
silky
8%
talking
8%
through
8%
use
8%
walking
8%
No matching quizzes found
Score Distribution
Percent of People with Each Score
Percentile by Number Answered
Your Score History
You have not taken this quiz